Samfunnsfag - Arbeidsliv - Statistics

General Stats
  • This quiz has been taken 10 times
  • The average score is 11 of 28
Answer Stats
Hint Answer % Correct
Den som ansetter en annen til å jobbe for seg Arbeidsgiver
80%
Den som jobber for en annen mot lønn Arbeidstaker
80%
Lønn man mottar for en bestemt arbeidstid Fast lønn
60%
Arbeidsgiveren din må betale deg 10,2 % av det du tjente i løpet av et år som... Feriepenger
60%
Sekundær-næringen (pleide å være større i Norge) Industri
60%
Primær-næringen (var lenge den største) Jordbruk
60%
Arbeidsplasser i bedrifter som står utenfor myndighetene Privat sektor
60%
Lønn basert på for hvor mye man har solgt Provisjon
60%
Den viktigste loven for arbeidstakeres rettigheter i Norge Arbeidsmiljøloven
40%
Det en arbeidstaker er medlem av hvis han er organisert Fagforbund
40%
Det at priser går opp (penger blir mindre verdt) Inflasjon
40%
Det største sammenslutningen av fagforbund i Norge LO
40%
Statlige (eller fylkeskommunale eller kommunale) arbeidsplasser Offentlig sektor
40%
Når arbeidstakeres lønn øker mer enn prisene Reallønnsvekst
40%
Et "våpen" som arbeidstakere kan bruke i konflikt med arbeidsgiveren Streik
40%
En kollektiv avtale om lønn og arbeidsforhold som gjelder en hel yrkesgruppe Tariffavtale
40%
Lønn for å ha fullført et oppdrag Akkord
20%
Den statlige etaten med ansvar for at loven blir fulgt Arbeidstilsynet
20%
Et "våpen" som arbeidsgiveren kan bruke i konflikt mot arbeidstakeren Lockout
20%
Når en bedrift sparker ansatte fordi den ikke har råd til å lønne dem Nedskjæringer
20%
Sammenslutningen av arbeidsgiverforeninger NHO
20%
Når forbruket går ned, som fører til arbeidsledighet, og skaper en ond sirkel Økonomisk depresjon
20%
Lønn man mottar basert på hva man har fått til Prestasjonslønn
20%
Den statlige personen som kan involvere seg i konflikter mellom partene i arbeidslivet Riksmekleren
20%
Tertiær-næringen (størst i dag) Service-næringen
20%
Når en bedrift flytter arbeidsplasser til et annet land med billigere arbeidskraft Utflagging
20%
De ansatte skal velge en kollega som dette for å passe på arbeidsmiljøet Verneombud
20%
Når staten (egentlig Stortinget) får slutt på en konflikt i arbeidslivet gjennom å påtvinge en løsning Tvungen lønnsnemnd
0%
No matching quizzes found
Score Distribution
Percent of People with Each Score
Percentile by Number Answered
Your Score History
You have not taken this quiz